Між двох вогнів. Друга половина XVI – перша половина XVII ст. (Запис № 318741)
[ простий вигляд ]
| 000 -Лідер | |
|---|---|
| fixed length control field | 00940nam a22002777a 4500 |
| 001 - Контрольний номер | |
| control field | 32302 |
| 003 - Ідентифікатор контрольного номера | |
| control field | UA-OsUOA |
| 005 - Дата та час останнього входження (трансакції) | |
| control field | 20260211113413.0 |
| 007 - Фіксоване поле фізичного опису | |
| fixed length control field | ta |
| 008 - Елементи даних фіксованої довжини – загальна інформація | |
| fixed length control field | 20050131b un ||||| |||| 00| 0 ukr d |
| 020 ## - Міжнародний стандартний книжковий номер (ISBN) | |
| Міжнародний стандартний книжковий номер (ISBN) (НП) | 5319010710 |
| 040 ## - Джерело каталогізації | |
| Агенція оригінальної каталогізації | UA-OsUOA |
| Мова каталогізації | ukr |
| Агенція, яка здійснювала перезапис | UA-OsUOA |
| Агенція, яка здійснювала модифікацію | UA-OsUOA |
| 041 ## - Код мови | |
| Код мови тексту/ звукової доріжки чи окремого заголовка (П) | ukr |
| 044 ## - Код країни видавця/ виробника | |
| Код країни видавця/ виробника (П) | UA |
| 080 ## - Індекс Універсальної десяткової класифікації | |
| Індекс Універсальної десяткової класифікації (УДК) (НП) | 94(477)04 |
| 090 ## - Локальний шифр розміщення | |
| Класифікаційний індекс УДК | 94(477)04 |
| Авторський знак (НП) | М58 |
| 245 ## - Відомості про назву | |
| Назва (НП) | Між двох вогнів. Друга половина XVI – перша половина XVII ст. |
| Дані про відповідальність (НП) | упоряд. І. О. Ворончук |
| 260 ## - Публікація, розповсюдження і т.п. (Вихідні дані) | |
| Місце публікації, розповсюдження і т.п. (П) | Київ |
| Ім’я/ наймення видавництва, розповсюджувача і т.п. (П) | Україна |
| Дата публікації, розповсюдження і т.п. (П) | 1996 |
| 300 ## - Фізичний опис | |
| Обсяг | 414 с. |
| 490 ## - Область серії | |
| Назва серії | Історія України в прозових творах та документах |
| 650 #7 - Додаткове предметне введення – тематичний термін | |
| Джерело заголовка чи терміна | UDC |
| Тематичний термін чи географічна назва, як елемент введення (НП) | 94 Історія загалом |
| 9 (RLIN) | 40 |
| 700 1# - Додаткове введення – ім'я особи | |
| Ім’я особи (НП) | Ворончук І. О. |
| Термін відношення | упоряд. |
| 9 (RLIN) | 23180 |
| 942 ## - Додаткові елементи входу (Коха) | |
| Тип елемента Koha | Книги |
| Source of classification or shelving scheme | Universal Decimal Classification |
| 955 ## - Код типу видання за змістом | |
| Код типу видання за змістом (НП) | Літературно-художні видання |
| Стан вилучень | Стан втрат | Джерело класифікації або схеми стелажів | Стан уражень | Не для кредиту | Постійне місце розташування | Поточне розміщення | Дата придбання | Інвентарний номер | Усього замовленно | Повний номер виклику | Штрих-код | Дата останнього перегляду | Ціна ефективна від | Тип елемента Koha |
|---|---|---|---|---|---|---|---|---|---|---|---|---|---|---|
| Universal Decimal Classification | ЧЗ - Читальна зала | ЧЗ - Читальна зала | 31/01/2005 | 74552 | 94(477)04 М58 | 74552 | 07/02/2022 | 31/01/2005 | Книги | |||||
| Universal Decimal Classification | ЧЗ - Читальна зала | ЧЗ - Читальна зала | 31/01/2005 | 74553 | 94(477)04 М58 | 74553 | 07/02/2022 | 31/01/2005 | Книги | |||||
| Universal Decimal Classification | ЧЗ - Читальна зала | ЧЗ - Читальна зала | 31/01/2005 | 74554 | 94(477)04 М58 | 74554 | 06/02/2022 | 31/01/2005 | Книги | |||||
| Universal Decimal Classification | ЧЗ - Читальна зала | ЧЗ - Читальна зала | 31/01/2005 | 74555 | 94(477)04 М58 | 74555 | 06/02/2022 | 31/01/2005 | Книги | |||||
| Universal Decimal Classification | ЧЗ - Читальна зала | ЧЗ - Читальна зала | 31/01/2005 | 74556 | 94(477)04 М58 | 74556 | 30/09/2021 | 31/01/2005 | Книги |